[Event "TUR-chT Clubs"]
[Site "Konya"]
[Date "2019.07.17"]
[Round "3.13"]
[White "Capar, Yusuf"]
[Black "Genc, Mehmet Emin"]
[Result "0-1"]
[WhiteElo "1152"]
[BlackElo "1633"]
[PlyCount "82"]
[EventDate "2019.07.16"]
[EventType "team-swiss"]
[EventRounds "9"]
[EventCountry "TUR"]
[SourceTitle "CBM 191 Extra"]
[Source "ChessBase"]
[SourceDate "2019.09.30"]
[SourceVersion "1"]
[SourceVersionDate "2019.09.30"]
[SourceQuality "1"]
[WhiteTeam "Ermenek Turkuaz Yelken"]
[BlackTeam "Engin Gulec Genclik"]
[WhiteTeamCountry "TUR"]
[BlackTeamCountry "TUR"]

1. e4 d5 2. exd5 Nf6 3. Nc3 Nxd5 4. Nxd5 Qxd5 5. Nf3 Nc6 6. d3 Bg4 7. Be2 0-0-0 8. Bf4 e5 9. Bg3 e4 10. dxe4 Qxe4 11. Nd2 Rxd2 12. Qxd2 Nd4 13. 0-0-0 Nxe2+ 14. Kb1 Bb4 15. Qd3 Nxg3 16. Qxg3 Bxd1 17. Rxd1 Rd8 18. Rh1 Be1 19. Qh3+ f5 20. Kc1 Rd2 21. Qb3 Qe2 22. c3 Bxf2 23. Qg8+ Rd8 24. Qb3 Qe4 25. Qc2 Be3+ 26. Kb1 Qxc2+ 27. Kxc2 Rd2+ 28. Kb3 Rxg2 29. Re1 f4 30. Kc4 Rxb2 31. Kd5 Rxa2 32. Ke6 Rxh2 33. Rd1 Rd2 34. Rh1 h6 35. Ke7 g5 36. Re1 g4 37. Rh1 g3 38. Rh5 g2 39. Rf5 b6 40. Rf8+ Kb7 41. Rh8 g1Q 0-1